Podrobná mapa Vysokých Tater 1:25 000 : podle vyměřování z r. 1896/97

Korporativní autor: Vojenský zeměpisný ústav (1945-1951)
Jazyk: Čeština
Vydáno: V Praze : Vojenský zeměpisný ústav, 1921
Vydání: Částečně opraveno do roku 1921
Témata:
Externí odkaz: Digitalizovaný dokument
Fyzický popis: 1 mapa na dvou listech : barevná ; 72 x 110 cm, na listu 90 x 122
Mapy
Uloženo v:
LEADER 01630nem a2200385 i 4500
001 001559494
003 CZ BrMZK
005 20170808100444.0
007 aj|canzn
008 111208s1921 xr adg a 0| cze d
034 1 |a a  |b 25000  |d E0195537  |e E0201934  |f N0491549  |g N0490457 
040 |a BOA001  |b cze  |e rda 
043 |a e-pl---  |2 czenas  |a e-xo--- 
072 7 |a 913(437)  |x Geografie Česka a Slovenska, reálie, cestování  |2 Konspekt  |9 7 
072 7 |a 912  |x Mapy. Atlasy. Glóby  |2 Konspekt  |9 7 
080 |a 911.2  |2 MRF 
080 |a (437.6-17)  |2 MRF 
080 |a (438-13)  |2 MRF 
245 0 0 |a Podrobná mapa Vysokých Tater 1:25 000 :  |b podle vyměřování z r. 1896/97 
250 |a Částečně opraveno do roku 1921 
255 |a Měřítko 1:25 000  |c (019°55´37" v.d.--020°19´34" v.d./049°15´49" s.š.--049°04´57" s.š.) 
264 1 |a V Praze :  |b Vojenský zeměpisný ústav,  |c 1921 
300 |a 1 mapa na dvou listech :  |b barevná ;  |c 72 x 110 cm, na listu 90 x 122 
336 |a kartografický obraz  |b cri  |2 rdacontent 
337 |a bez média  |b n  |2 rdamedia 
338 |a list  |b nb  |2 rdacarrier 
505 2 0 |t Přehled oblasti Tater.  |g Měřítko 1:200 000 
562 |a Razítko: Povinný výtisk  |5 CZ-BrMZK 
650 0 7 |a fyzická geografie  |7 ph120423  |2 czenas 
651 7 |a Vysoké Tatry (Polsko a Slovensko : pohoří)  |7 ge131355  |2 czenas 
655 7 |a mapy  |7 fd132800  |2 czenas 
710 2 |a Vojenský zeměpisný ústav (1945-1951)  |7 ko2005263855  |4 pbl 
856 4 1 |u http://www.digitalniknihovna.cz/mzk/view/uuid:4eb83d6b-7af1-4179-a755-a2057bc0efb2  |y Digitalizovaný dokument 
910 |a BOA001  |b Mpa-0123.053-21 
990 |a MP